| 000 | 00414nam a2200157 i 4500 | ||
|---|---|---|---|
| 001 | 61791 | ||
| 003 | ES-MaACL | ||
| 005 | 20230906164537.0 | ||
| 007 | t| | ||
| 008 | 031113s1931 sp ||||1| spa d | ||
| 100 | 1 |
_aFarrère, Claude. _948900 |
|
| 245 | 1 | 3 |
_aEl caudillo _b: novela / _cClaude Farrere. |
| 260 |
_aMadrid : _b[s.n., _c1931] ( _fJ. Pueyo) |
||
| 300 |
_a206 p. ; _c19 cm. |
||
| 852 |
_aES-MaACL _jB-12300 |
||
| 999 |
_c61791 _d61791 |
||